| 000 | 00829nam a22002411 4500 | ||
|---|---|---|---|
| 001 | 105375 | ||
| 003 | ES-MaACL | ||
| 005 | 20231205164444.0 | ||
| 007 | t| | ||
| 008 | 060703s1943 sp ||||0| spa d | ||
| 040 |
_aM-BN _bspa _cA2 |
||
| 080 | _a929 Valle-Inclán, Ramón del | ||
| 080 | _a821.134.2 Valle-Inclán, Ramón del 1.06 | ||
| 100 | 1 |
_aFernández Almagro, Melchor, _d1893-1966 _949447 |
|
| 245 | 1 | 0 |
_aVida y literatura de Valle-Inclán / _cMelchor Fernández Almagro. |
| 260 |
_aMadrid : _bEditora Nacional, _c1943. |
||
| 300 |
_a277 p. : _b1 h. retr. ; _c22 cm. |
||
| 500 | _aBiblioteca Juan Andrade. | ||
| 600 | 1 | 4 |
_aValle-Inclán, Ramón del, _d1866-1936- _xCrítica e interpretación _9112800 |
| 852 |
_aES-MaACL _jAND-169 _bR.109469 |
||
| 852 |
_aES-MaACL _jF-15668 _bR.20001 |
||
| 999 |
_c105375 _d105375 |
||